000 00545nam a2200181Ia 4500
003 GCL
008 140319s9999 xx 000 0 ara d
040 _aGCL /
_cGCL
082 0 4 _a414
_bع ح
100 1 _aعبدالله بن زيد ال محمود
245 1 0 _aالحكم الجامعة لشتى العلوم النافعة /
_cعبدالله بن زيد ال محمود
300 _a771 ص
490 _aكتاب
_v0
650 0 4 _aالخطابة
650 0 4 _aالبلاغة العربية
650 0 4 _aالقران
942 _2ddc
_cBK
999 _c41590
_d41590